Central Library OPAC University of Rajshahi

The Rowell-Sirois report : (Record no. 36383)

MARC details
000 -LEADER
fixed length control field 00902nam a22002651i 4500
001 - CONTROL NUMBER
control field 36383
003 - CONTROL NUMBER IDENTIFIER
rucl marc code BD-RjUL
005 - DATE AND TIME OF LATEST TRANSACTION
control field 20211209052458.0
008 - FIXED-LENGTH DATA ELEMENTS--GENERAL INFORMATION
fixed length control field 140622s1963 onc b 001 0 eng
035 ## - SYSTEM CONTROL NUMBER
System control number (BD-RjUL)36480
040 ## - CATALOGING SOURCE
Original cataloging agency DLC
Transcribing agency IEN
Modifying agency BD-RjUL
Language of cataloging eng
041 ## - LANGUAGE CODE
Language code of text/sound track or separate title eng
082 ## - DEWEY DECIMAL CLASSIFICATION NUMBER
Author mark and year ROW 1963
Edition number 20
Classification number 321.020971
245 14 - TITLE STATEMENT
Title The Rowell-Sirois report :
Remainder of title An abridgement of book I of the royal commission Report on Dominion-provincial relations /
Statement of responsibility, etc. edited and introduced by Donald V. Smiley.
260 ## - PUBLICATION, DISTRIBUTION, ETC. (IMPRINT)
Place of publication, distribution, etc. Toronto :
Name of publisher, distributor, etc. McClelland and Stewart,
Date of publication, distribution, etc. c1963.
300 ## - PHYSICAL DESCRIPTION
Pagination 228 p. ;
Size 18 cm.
490 1# - SERIES STATEMENT
Series statement The Carleton library,
Volume/sequential designation no. 5
504 ## - BIBLIOGRAPHY, ETC. NOTE
Bibliography, etc Includes Bibliography and index.
650 #0 - SUBJECT ADDED ENTRY--TOPICAL TERM
Topical term or geographic name as entry element Federal government
Geographic subdivision Canada.
9 (RLIN) 110712
700 1# - ADDED ENTRY--PERSONAL NAME
Personal name Smiley, Donald V.
Relator term ed.
830 1# - SERIES ADDED ENTRY--UNIFORM TITLE
Uniform title The Carleton library, no. 5
942 ## - ADDED ENTRY ELEMENTS (KOHA)
Source of classification or shelving scheme Dewey Decimal Classification
Koha item type Books
Holdings
Lost status Source of classification or shelving scheme Damaged status Not for loan Collection code Permanent Location Current Location Shelving location Date acquired Source of acquisition Total Checkouts Full call number Date last seen Copy number Koha item type
  Dewey Decimal Classification   Not For Loan Non-fiction Central Library, University of Rajshahi Central Library, University of Rajshahi Reading Room 15/01/1975 Obidul Huq   321.020971 ROW 1963 22/06/2014 C-1 Books